000
00260nam a22001097a 4500
008
170126b xxu||||| |||| 00| 0 eng d
020
_a
9780131999329
041
_a
eng
080
_a
61
245
_a
ADMINISTRATIVE MEDICAL ASSISTING
_c
MALONE, CH
942
_2
udc
_c
BK
999
_c
3724
_d
3724